00375pab a2200097 454500008004000000245014500040260000900185300001200194650002000206773005100226180718b2004 xxu||||| |||| 00| 0 eng d aSPECIAL issue on policy, management and educational issues in delivering health and human services to limited English proficient populations c2004 ap.1-146 aHealth services aInternational Journal of Public Administration